[Event "Pardubice Czech op-A 21st"]
[Site "Pardubice"]
[Date "2010.07.27"]
[Round "5"]
[White "Agaragimov, Djahangir"]
[Black "Popilski, Gil"]
[Result "0-1"]
[WhiteElo "2311"]
[BlackElo "2451"]
[PlyCount "70"]
[EventDate "2010.07.23"]
[EventType "swiss"]
[EventRounds "9"]
[EventCountry "CZE"]
[SourceTitle "CBM 137 Extra"]
[Source "ChessBase"]
[SourceDate "2010.09.01"]
[SourceVersion "1"]
[SourceVersionDate "2010.09.01"]
[SourceQuality "1"]

1. d4 Nf6 2. c4 g6 3. Nf3 Bg7 4. g3 d5 5. cxd5 Nxd5 6. Bg2 0-0 7. 0-0 Nb6 8. Nc3 Nc6 9. e3 Re8 10. Re1 a5 11. Qe2 e5 12. Nxe5 Nxe5 13. dxe5 Bxe5 14. e4 c6 15. Be3 Be6 16. Rad1 Qc7 17. f4 Bg7 18. e5 a4 19. Rd4 f6 20. Rb4 Nd7 21. exf6 Bxf6 22. a3 Bb3 23. Ne4 Bd5 24. Bb6 Qc8 25. Bf2 Bg7 26. Qc2 b5 27. Rd1 Nb6 28. Ng5 Bxg2 29. Kxg2 Qb7 30. Bxb6 c5+ 31. Re4 Qxb6 32. Rd5 c4 33. Kh3 Qc6 34. Qd2 Rxe4 35. Nxe4 Qe6+ 0-1

[Event "Commonwealth-ch"]
[Site "New Delhi"]
[Date "2010.05.17"]
[Round "10"]
[White "Venkatesh, Marani Rajendran"]
[Black "Agaragimov, Djahangir"]
[Result "1/2-1/2"]
[WhiteElo "2452"]
[BlackElo "2304"]
[PlyCount "60"]
[EventDate "2010.05.10"]
[EventType "swiss"]
[EventRounds "11"]
[EventCountry "IND"]
[SourceTitle "CBM 136 Extra"]
[Source "ChessBase"]
[SourceDate "2010.07.02"]
[SourceVersion "2"]
[SourceVersionDate "2010.07.15"]
[SourceQuality "1"]

1. e4 c5 2. Nf3 Nc6 3. d4 cxd4 4. Nxd4 Nf6 5. Nc3 e5 6. Ndb5 d6 7. Bg5 a6 8. Na3 b5 9. Nd5 Be7 10. Bxf6 Bxf6 11. c3 0-0 12. Nc2 Rb8 13. Be2 Bg5 14. Bf3 Be6 15. 0-0 a5 16. Qd3 Ne7 17. Nce3 Bxe3 18. Nxe3 Qb6 19. Bg4 Bxg4 20. Nxg4 b4 21. Ne3 bxc3 22. bxc3 Qc5 23. Rab1 g6 24. Rfd1 Rxb1 25. Rxb1 Rc8 26. g3 Qa3 27. Rb7 Rxc3 28. Qe2 Qc1+ 29. Kg2 Rc7 30. Rb8+ Rc8 1/2-1/2

[Event "Dubai op 12th"]
[Site "Dubai"]
[Date "2010.04.11"]
[Round "7"]
[White "Agaragimov, Djahangir"]
[Black "Venkatesh, Marani Rajendran"]
[Result "1-0"]
[WhiteElo "2304"]
[BlackElo "2441"]
[PlyCount "81"]
[EventDate "2010.04.05"]
[EventType "swiss"]
[EventRounds "9"]
[EventCountry "UAE"]
[SourceTitle "CBM 135 Extra"]
[Source "ChessBase"]
[SourceDate "2010.05.04"]
[SourceVersion "1"]
[SourceVersionDate "2010.05.04"]
[SourceQuality "1"]

1. Nf3 Nf6 2. d4 e6 3. e3 b6 4. Bd3 Bb7 5. 0-0 c5 6. b3 Be7 7. Bb2 Nc6 8. a3 0-0 9. Nbd2 d6 10. c4 h6 11. Rc1 Qc7 12. Bb1 e5 13. d5 Nb8 14. Qc2 Re8 15. Nh4 Nbd7 16. f4 Nf8 17. fxe5 dxe5 18. Nf5 Bc8 19. Rf3 N8h7 20. Rcf1 Bd8 21. Qc3 Bxf5 22. Rxf5 Qd6 23. Rxe5 Bc7 24. Rxe8+ Rxe8 25. g3 b5 26. Bxh7+ Kxh7 27. Qd3+ Kh8 28. Bxf6 gxf6 29. cxb5 Rg8 30. e4 Qe7 31. Kg2 Be5 32. Nc4 Bd4 33. Rf5 Re8 34. a4 Kg7 35. d6 Qb7 36. Kf3 Qd7 37. Qd2 Re6 38. Rh5 f5 39. Rxf5 Bf6 40. Qd5 Bd4 41. Qc6 1-0

[Event "Dubai op 12th"]
[Site "Dubai"]
[Date "2010.04.10"]
[Round "6"]
[White "Sharapov, Evgeny"]
[Black "Agaragimov, Djahangir"]
[Result "1/2-1/2"]
[WhiteElo "2498"]
[BlackElo "2304"]
[PlyCount "144"]
[EventDate "2010.04.05"]
[EventType "swiss"]
[EventRounds "9"]
[EventCountry "UAE"]
[SourceTitle "CBM 135 Extra"]
[Source "ChessBase"]
[SourceDate "2010.05.04"]
[SourceVersion "1"]
[SourceVersionDate "2010.05.04"]
[SourceQuality "1"]

1. e4 c5 2. Nf3 Nc6 3. d4 cxd4 4. Nxd4 g6 5. c4 Nf6 6. Nc3 Nxd4 7. Qxd4 d6 8. Be2 Bg7 9. Be3 0-0 10. Qd2 Qa5 11. f3 Be6 12. Nb5 Qxd2+ 13. Kxd2 a6 14. Nc7 Rac8 15. Nxe6 fxe6 16. Rac1 Rfd8 17. Rhd1 Rc6 18. Ke1 Kf7 19. b4 Ra8 20. a4 Rcc8 21. a5 Nd7 22. f4 Rc7 23. g4 h6 24. h4 Rh8 25. Kd2 Nb8 26. Bb6 Rcc8 27. Kd3 g5 28. fxg5 hxg5 29. Rf1+ Kg6 30. h5+ Kh6 31. Rf7 Nc6 32. Kd2 Bf6 33. Rf1 Ne5 34. R1xf6+ exf6 35. Rxf6+ Kg7 36. Rxe6 Kf7 37. Rxd6 Nxc4+ 38. Bxc4+ Rxc4 39. Bd4 Rh7 40. e5 Ke8 41. Kd3 Rc6 42. Ke4 Rf7 43. Rf6 Rfxf6 44. exf6 Rc4 45. Kd5 Rc6 46. Ke5 Rc4 47. Bc5 Kf7 48. Kf5 Rf4+ 49. Kxg5 Rxf6 50. Bd4 Rf1 51. Be5 Rb1 52. Kf5 Rh1 53. Bf4 Kg7 54. h6+ Kh7 55. g5 Rg1 56. Kf6 Rg4 57. Bd6 Rg1 58. Be7 Rf1+ 59. Ke6 Rc1 60. Kf7 Rf1+ 61. Ke6 Rc1 62. Bc5 Rd1 63. Bd6 Rc1 64. Kd7 Rc6 65. Bc7 Rc4 66. Bd6 Rc6 67. Bc7 Rc4 68. Bb6 Rxb4 69. Kc7 Rb5 70. Kxb7 Rxg5 71. Kxa6 Rxa5+ 72. Kxa5 Kxh6 1/2-1/2

[Event "Mediterranean op 3rd"]
[Site "Rijeka"]
[Date "2009.12.05"]
[Round "9"]
[White "Agaragimov, Djahangir"]
[Black "Bjelicic, Jan"]
[Result "1-0"]
[WhiteElo "2294"]
[BlackElo "2087"]
[PlyCount "69"]
[EventDate "2009.11.27"]
[EventType "swiss"]
[EventRounds "9"]
[EventCountry "CRO"]
[SourceTitle "CBM 133 Extra"]
[Source "ChessBase"]
[SourceDate "2010.01.05"]
[SourceVersion "1"]
[SourceVersionDate "2010.01.05"]
[SourceQuality "1"]

1. d4 Nf6 2. Nf3 e6 3. c4 d5 4. g3 Be7 5. Bg2 0-0 6. 0-0 Nbd7 7. Qc2 c6 8. Nbd2 b6 9. Rd1 Bb7 10. e4 Nxe4 11. Nxe4 dxe4 12. Qxe4 Qc7 13. Qc2 Rfd8 14. Bf4 Bd6 15. Bxd6 Qxd6 16. c5 Qe7 17. b4 Nf6 18. Ne5 Nd5 19. Qb3 Rac8 20. Nc4 Ba8 21. a3 b5 22. Nd6 Rxd6 23. cxd6 Qxd6 24. Rac1 Nb6 25. Rc2 Nc4 26. Bf1 c5 27. Bxc4 bxc4 28. Qxc4 Bd5 29. dxc5 Qe5 30. Qc3 Qh5 31. Rd4 g5 32. f4 Bc6 33. Rcd2 f6 34. Qd3 Kg7 35. Rd7+ 1-0

[Event "Mediterranean op 3rd"]
[Site "Rijeka"]
[Date "2009.12.02"]
[Round "6"]
[White "Saric, Ante"]
[Black "Agaragimov, Djahangir"]
[Result "1-0"]
[WhiteElo "2471"]
[BlackElo "2294"]
[PlyCount "85"]
[EventDate "2009.11.27"]
[EventType "swiss"]
[EventRounds "9"]
[EventCountry "CRO"]
[SourceTitle "CBM 133 Extra"]
[Source "ChessBase"]
[SourceDate "2010.01.05"]
[SourceVersion "1"]
[SourceVersionDate "2010.01.05"]
[SourceQuality "1"]

1. d4 g6 2. e4 Bg7 3. c4 d6 4. Nc3 Nf6 5. Be2 0-0 6. Bg5 c5 7. d5 a6 8. a4 Qa5 9. Bd2 e6 10. Nf3 exd5 11. exd5 Bg4 12. 0-0 Qc7 13. h3 Bxf3 14. Bxf3 Nbd7 15. Qc2 Rfe8 16. Rfe1 Rxe1+ 17. Rxe1 Re8 18. Be2 Qd8 19. f4 Nf8 20. Bf3 Re7 21. Rxe7 Qxe7 22. a5 Ne8 23. Ne2 f5 24. g4 fxg4 25. hxg4 Qh4 26. g5 h6 27. Qe4 Kf7 28. b3 Qh3 29. Be3 hxg5 30. fxg5 Be5 31. Bg4 Qh2+ 32. Kf1 Ng7 33. Bg1 Qh8 34. Bxc5 Nh7 35. Qf3+ Nf5 36. Be3 Qc8 37. Bd2 Kg7 38. Qh3 Qf8 39. Kg2 Qf7 40. Bxf5 Qxf5 41. Qxf5 gxf5 42. Kh3 Kg6 43. Kh4 1-0

[Event "Mediterranean op 3rd"]
[Site "Rijeka"]
[Date "2009.11.30"]
[Round "4"]
[White "Pejic, Irving"]
[Black "Agaragimov, Djahangir"]
[Result "0-1"]
[WhiteElo "2132"]
[BlackElo "2294"]
[PlyCount "48"]
[EventDate "2009.11.27"]
[EventType "swiss"]
[EventRounds "9"]
[EventCountry "CRO"]
[SourceTitle "CBM 133 Extra"]
[Source "ChessBase"]
[SourceDate "2010.01.05"]
[SourceVersion "1"]
[SourceVersionDate "2010.01.05"]
[SourceQuality "1"]

1. e4 c5 2. Nf3 g6 3. d4 cxd4 4. Nxd4 Bg7 5. Nc3 Nc6 6. Be3 Nf6 7. Nxc6 bxc6 8. e5 Ng8 9. Bd4 f6 10. f4 Qa5 11. Qe2 Rb8 12. exf6 Bxf6 13. Qd2 Rxb2 14. Bc4 Rb4 15. Bxf6 Nxf6 16. Bb3 Ne4 17. Nxe4 Rxe4+ 18. Kd1 Qxd2+ 19. Kxd2 Rxf4 20. Rhf1 Rhf8 21. Rxf4 Rxf4 22. Ke3 Rh4 23. h3 d5 24. Rf1 Ba6 0-1

[Event "Chigorin Memorial 17th"]
[Site "St Petersburg"]
[Date "2009.10.23"]
[Round "8"]
[White "Agaragimov, Djahangir"]
[Black "Martynov, Pavel"]
[Result "1/2-1/2"]
[WhiteElo "2313"]
[BlackElo "2423"]
[PlyCount "138"]
[EventDate "2009.10.16"]
[EventType "swiss"]
[EventRounds "9"]
[EventCountry "RUS"]
[SourceTitle "CBM 132 Extra"]
[Source "ChessBase"]
[SourceDate "2009.11.03"]
[SourceVersion "1"]
[SourceVersionDate "2009.11.03"]
[SourceQuality "1"]

1. Nf3 d5 2. g3 Nf6 3. Bg2 Bg4 4. 0-0 c6 5. d3 Nbd7 6. Nbd2 e6 7. h3 Bh5 8. b3 Bd6 9. Bb2 0-0 10. e4 e5 11. Qe1 Re8 12. Nh4 Bg6 13. Kh1 Qc7 14. Qe2 Rac8 15. Bf3 Nc5 16. Bg2 Ne6 17. c3 Rcd8 18. Rfe1 Nc5 19. Qe3 Bf8 20. Nxg6 hxg6 21. Bf1 Qd7 22. Rad1 Qe6 23. Kg2 Rd7 24. Nf3 dxe4 25. Ng5 Qd6 26. dxe4 Qxd1 27. Rxd1 Rxd1 28. Bc4 Rd7 29. a4 b6 30. Qf3 Nb7 31. b4 Nd6 32. Bb3 b5 33. Bc1 Nh7 34. Nxh7 Kxh7 35. axb5 cxb5 36. Bd5 Rc7 37. h4 Kh8 38. h5 gxh5 39. Qxh5+ Kg8 40. Be3 Nc4 41. g4 Nxe3+ 42. fxe3 g5 43. Qxg5+ Kh8 44. Qh5+ Kg7 45. g5 Ree7 46. Qh6+ Kg8 47. Qg6+ Bg7 48. Qf5 Kf8 49. Qh7 Rxc3 50. g6 Ra3 51. gxf7 Rxf7 52. Bxf7 Kxf7 53. Qf5+ Kg8 54. Qg6 a5 55. Qe6+ Kh7 56. bxa5 Rxa5 57. Kf3 Ra3 58. Qf5+ Kg8 59. Qd7 b4 60. Qd6 Ra1 61. Qxb4 Rg1 62. Qc4+ Kh7 63. Qe6 Rg5 64. Ke2 Rg2+ 65. Kd3 Rg5 66. Qf7 Rg6 67. Qf5 Bh8 68. Kc4 Bg7 69. Kd5 Bh8 1/2-1/2

[Event "Chigorin Memorial 17th"]
[Site "St Petersburg"]
[Date "2009.10.20"]
[Round "5"]
[White "Zhigalko, Andrey"]
[Black "Agaragimov, Djahangir"]
[Result "1/2-1/2"]
[WhiteElo "2601"]
[BlackElo "2313"]
[PlyCount "93"]
[EventDate "2009.10.16"]
[EventType "swiss"]
[EventRounds "9"]
[EventCountry "RUS"]
[SourceTitle "CBM 132 Extra"]
[Source "ChessBase"]
[SourceDate "2009.11.03"]
[SourceVersion "1"]
[SourceVersionDate "2009.11.03"]
[SourceQuality "1"]

1. d4 Nf6 2. c4 g6 3. Nc3 Bg7 4. e4 d6 5. Bg5 0-0 6. Qd2 c5 7. d5 e6 8. Be2 exd5 9. exd5 a6 10. a4 Re8 11. Nf3 Bg4 12. 0-0 Nbd7 13. h3 Bxf3 14. Bxf3 Qb6 15. Qc2 Re5 16. Bf4 Re7 17. Rfe1 Rae8 18. Rxe7 Rxe7 19. a5 Qc7 20. Be2 Nf8 21. Bd3 Re8 22. Bd2 N6d7 23. Bf1 f5 24. Ne2 Nf6 25. Rb1 Ne4 26. Be1 Bh6 27. b4 Nd7 28. b5 Ne5 29. Nc3 Ng5 30. Be2 Nd7 31. Bd2 Nf7 32. Bxh6 Nxh6 33. Qa4 Ra8 34. g4 fxg4 35. bxa6 Rxa6 36. Bxg4 Nxg4 37. hxg4 Rxa5 38. Rxb7 Rxa4 39. Rxc7 Ra1+ 40. Kg2 Ne5 41. Ne4 Nxc4 42. Nf6+ Kf8 43. Rxh7 Rd1 44. Rd7 g5 45. f3 Rd2+ 46. Kg3 Ne3 47. Nh7+ 1/2-1/2